000 00459nam a2200157Ia 4500
008 100122s9999 xx 000 0 und d
082 _b68908
_a780.9
100 _aअत्रे प्रभा
245 _aसुस्वराली
250 _a3
260 _bबुकमार्क पब्लिकेशन्स
_c2004
300 _a150
630 _aसुस्वराली
730 _aसुस्वराली
942 _cBOOK
999 _c440411
_d440408